| 000 | 00791nam a2200217 i 4500 | ||
|---|---|---|---|
| 001 | 96109 | ||
| 003 | ES-MaACL | ||
| 005 | 20250921063030.0 | ||
| 007 | t| | ||
| 008 | 050610s1946 sp ||||1| spa d | ||
| 100 | 1 |
_aMadelin, Louis, _d1871-1956 _975312 |
|
| 245 | 1 | 0 |
_aTalleyrand / _cLouis Madelin; [versión española de José Muñoz]. |
| 260 |
_aMadrid : _bE.P.E.S.A., _c1946. |
||
| 300 |
_aXI, 469 p. ; _c21 cm. |
||
| 490 | 1 | _aCiencias Historicas. Las grandes épocas de la historia | |
| 600 | 1 | 4 |
_aTalleyrand-Périgord, Charles Maurice de, _cprince de Bénèvent, _d1754-1838 _9109131 |
| 700 | 1 |
_aMuñoz, José. _984317 |
|
| 830 | 0 | 0 |
_aCiencias históricas. _pLas grandes épocas de la historia _9232232 |
| 852 |
_aES-MaACL _jE-2017 _bR.23017 |
||
| 999 |
_c96109 _d96109 |
||